Brevísima relación de la historia de la novela hispanoamericana

Guardat en:
Dades bibliogràfiques
Autor principal: Goic, Cedomil (Autor)
Format: Llibre
Idioma:espanyol
Publicat: Madrid Biblioteca Nueva S. L 2009
Col·lecció:Repertorio Americano, 1
Matèries:
Etiquetes: Afegir etiqueta
Sense etiquetes, Sigues el primer a etiquetar aquest registre!

MARC

LEADER 00000cam a2200000 a 4500
001 UCF8181
003 CL-VaPUC
008 130802e20090000sp |||||||||||||||||spa|d
020 |a 9788497429559 
082 0 4 |a H863.9  |b GOI  |2 21 
100 |a Goic, Cedomil  |e author  |9 570265 
245 1 0 |a Brevísima relación de la historia de la novela hispanoamericana 
300 |a 109 p 
942 |c BK 
945 |d 20130802 12:08:00  |a dcastane 
260 |a Madrid  |b Biblioteca Nueva S. L  |c 2009 
650 0 |a Literatura hispanoamericana  |9 269097 
650 7 |a NOVELA HISPANOAMERICANA  |2 CL-VaPUC  |9 309990 
650 0 |a Historia de la literatura  |9 322206 
583 |a last modification  |c 20130802 12:08:00  |k Rodrigo Vera 
490 0 |a Repertorio Americano, 1 
999 |c 352816  |d 352814 
952 |0 0  |1 0  |4 0  |6 H_863_900000000000000_GOI_2009  |7 0  |8 A  |9 457491  |a BIBEDU  |b BIBEDU  |d 2019-11-22  |i 4992512  |l 2  |o H863.9 GOI 2009  |p 4992512  |r 2023-06-01  |s 2023-05-04  |w 2019-11-22  |y BK  |k LIT